International firms and modern imperialism (Record no. 47392)

MARC details
000 -LEADER
fixed length control field 00517nam a2200145 a 4500
008 - FIXED-LENGTH DATA ELEMENTS--GENERAL INFORMATION
fixed length control field 120416s1975 ||||||||||||||||| || u
020 ## - INTERNATIONAL STANDARD BOOK NUMBER
International Standard Book Number 0140808728
050 ## - LIBRARY OF CONGRESS CALL NUMBER
Classification number HB 97.5 Int
245 10 - TITLE STATEMENT
Title International firms and modern imperialism
Statement of responsibility, etc. edited H. Radice
246 ## - VARYING FORM OF TITLE
Title proper/short title selected readings
260 ## - PUBLICATION, DISTRIBUTION, ETC.
Place of publication, distribution, etc. Middlesex
Name of publisher, distributor, etc. Penguin
Date of publication, distribution, etc. 1975
300 ## - PHYSICAL DESCRIPTION
Extent 264p.
350 ## - PRICE (NR) (BK AM CF MU VM SE) [OBSOLETE]
Price 0.00
995 ## - RECOMMENDATION 995 [LOCAL, UNIMARC FRANCE]
-- 0.00
-- CBU-MAIN LIBRARY (Kitwe)
-- 1
-- 21.25
-- AVAILABLE
-- Annex Low-Usage Collection
Holdings
Withdrawn status Lost status Source of classification or shelving scheme Damaged status Not for loan Home library Current library Shelving location Date acquired Total Checkouts Full call number Barcode Date last seen Price effective from Koha item type
          CBU-MAIN LIBRARY, KITWE. CBU-MAIN LIBRARY, KITWE.   11/30/2022   HB 97.5 Int 015475 11/30/2022 11/30/2022 MONOGRAPH